000 00645 a2200241 4500
005 20260202164111.0
008 260202b |||||||| |||| 00| 0 eng d
020 _a9788170358220
_cRs. 2995.00
040 _aMAIN
082 _a363.7
_bK527E
100 _aKhanna, D R, ed.
245 _aEnvironmental management
260 _bDaya Publishing House
_c2024
_aNew Delhi
300 _aix, 333
650 _aEnvironmental Science
650 _aNatural Resources
650 _aDisaster Management
700 _aChopra, A K, ed.
700 _aVikas singh, ed.
700 _aBhutiani, R, ed.
700 _aMatta, Gagan, ed.
942 _cBK
999 _c395732
_d395732